[Event "Manizales op 21st"]
[Site "Manizales"]
[Date "2009.01.09"]
[Round "3"]
[White "Torres, Jorge Emilio"]
[Black "Restrepo, Juan Jose"]
[Result "1/2-1/2"]
[WhiteElo "1703"]
[BlackElo "2028"]
[PlyCount "22"]
[EventDate "2009.01.08"]
[EventType "swiss"]
[EventRounds "7"]
[EventCountry "COL"]
[SourceTitle "CBM 128 Extra"]
[Source "ChessBase"]
[SourceDate "2009.03.05"]
[SourceVersion "2"]
[SourceVersionDate "2009.03.25"]
[SourceQuality "1"]

1. d4 f5 2. c4 e6 3. Nc3 Nf6 4. Nf3 Bb4 5. Qb3 Bxc3+ 6. bxc3 b6 7. Ba3 Bb7 8. g3 d6 9. Bg2 0-0 10. 0-0 Ne4 11. Rfd1 Qf6 1/2-1/2